Statistics for Meet the Robinsons Characters Quiz

Click here to take the quiz!

General Stats

  • This quiz has been taken 77 times
  • The average score is 11 of 23

Answer Stats

DescriptionCharacter% Correct
An aspiring 12-year-old inventor at an orphanage whose inventions have been scaring off potential parentsLewis
98%
The son of Franny and Lewis "Cornelius" RobinsonWilbur Robinson
87%
A tall, skinny man often seen wearing a bowler hat and suit, and the main later secondary antagonist turned tritagonistMichael "Goob" Yagoobian
77%
The mother of Wilbur Robinson, wife of Lewis "Cornelius" Robinson, and the matriarch of the Robinson familyFranny Robinson
75%
The grandfather of the RobinsonsGrandpa Bud
72%
The robot who works for the Robinson FamilyCarl
64%
The uncle of Lewis, brother of Bud and Joe, and brother-in-law of Billie and Lucille, he is married to Petunia and is the father of Tallulah and LaszloUncle Fritz
57%
She is a hand puppet controlled by FritzAunt Petunia
55%
The quietest and most mortally obese member of the Robinson familyJoe
53%
An intergalactic pizza man, he takes his job seriously to the point of taking on a superhero persona in his deliveriesUncle Art
53%
A slender woman with red hair, a building hat, and a white-and-black dressCousin Tallulah
49%
The secondary, later true main antagonistDOR-15
49%
The wife of Grandpa Bud who is shown to be very caring to her family and celebrates the future's motto of "keep moving forward"Lucille Krunklehorn
49%
She is married to Joe Robinson and runs her life-sized model trains throughout Anderson ObservatoryAunt Billie
42%
The director of the Sixth Street OrphanageMildred
42%
The twins in the film, who are referred to as "uncles", but it is unknown if they're actually related to anyone within the houseSpike
36%
A school teacher who is slender with brown hair , a thick moustache, and glassesMr. Willerstein
32%
The son of Fritz and Petunia Robinson and the brother of Tallulah Robinson, he is a painter that uses a special flight packCousin Laszlo
30%
The other twinDimitri
28%
She is one of the participants in the Science FairLizzy
28%
A tyrannosaurus rex who was briefly under the control of Bowler Hat Guy's Mini-Doris, but later became a pet to the RobinsonsTiny
28%
The Robinsons' dog who wears glasses because, according to Bud, "his insurance won't pay for contacts"Buster
13%
He is Franny's older brother and loves cannonsUncle Gaston
11%

Score Distribution

Percentile by Number Answered

Percent of People with Each Score

Your Score History

You have not taken this quiz